Datum a čas kvízu
22.5
Celkem bodů
Celkový počet nahraných bodů na tomto kvízu bez doplňovacích otázek.
6.
Pořadí na kvízu
Konečné umístění týmu na tomto kvízu.
Zaznamenané odpovědi
| # | Otázka | Odpověď | Body | Výsledky |
|---|---|---|---|---|
| 1. | V pondělí přijel na státní náv... | z Belgie | 1 | |
| 2. | O které kulturní památce ležíc... | o věznici Alcatraz | 1 | |
| 3. | Minulý týden vyšlo album Ostra... | Michal Prokop | 0 | |
| 4. | Ve středu byl zveřejněn žebříč... | Michal Strnad | 0 | |
| 5. | Tři minuty a 57 sekund. Přesně... | Španělsko | 0 | |
| 6. | Podíváme se na historické udál... | O. J. Simpson, americký fotbal | 0 | |
| 7. | Seřaďte chronologicky tyto pol... | 1A 2C 3D 4B | 1 | |
| 8. | V České republice vystoupila o... | D | 1 | |
| 9. | Jak se nazývá stát, který vsto... | Chorvatsko | 0 | |
| 10. | Uveďte název města, kde byla p... | Turín; Nagano | 1 |